Länder mit dem höchsten Alphabetwert - Statistiken

Allgemein
  • Dieses Quiz wurde 91 mal gespielt
  • Das Durchschnittsergebnis liegt bei 6 aus 22
Antwortstatistiken
Alphabetwert Land % Korrekt
17,3 Zypern
69%
13,5 Russland
60%
14,3 Vanuatu
43%
13,3 Schweiz
40%
14,0 Türkei
40%
16,3 Uruguay
39%
16,2 Tuvalu
37%
15,0 Peru
35%
15,0 Syrien
33%
14,3 Togo
29%
13,8 Portugal
25%
13,8 Turkmenistan
25%
13,7 Luxemburg
23%
13,4 Tunesien
21%
15,0 Nauru
20%
16,2 Kosovo
17%
16,1 Osttimor
17%
14,2 Kuwait
15%
15,1 St. Kitts und Nevis
12%
13,4 Lesotho
11%
13,1 Singapur
11%
14,6 Mauritius
7%
Keine übereinstimmenden Quizze gefunden
Verteilung der Resultate
Anzahl Personen mit jedem Resultat
Perzentil nach korrekt beantworteten Fragen
Ihre Resultats-Entwicklung
Sie haben dieses Quiz noch nicht gespielt